Normal view
MARC view
- Leiserson, Charles E.
Entry Personal Name
001 - CONTROL NUMBER
- control field: 8784
003 - CONTROL NUMBER IDENTIFIER
- control field: NUST
005 - DATE AND TIME OF LATEST TRANSACTION
- control field: 20180118140320.0
008 - FIXED-LENGTH DATA ELEMENTS
- fixed length control field: 180118|| aca||aabn | a|a d
040 ## - CATALOGING SOURCE
- Original cataloging agency: NUST
- Transcribing agency: NUST
100 ## - HEADING--PERSONAL NAME
- Personal name: Leiserson, Charles E.
670 ## - SOURCE DATA FOUND
- Source citation: Work cat.: (NUST)29533: Cormen, Thomas H. 8783, Introduction to algorithms, second edition /, 2001.
